<?xml version="1.0" encoding="UTF-8"?>
<record
    xmlns:xsi="http://www.w3.org/2001/XMLSchema-instance"
    xsi:schemaLocation="http://www.loc.gov/MARC21/slim http://www.loc.gov/standards/marcxml/schema/MARC21slim.xsd"
    xmlns="http://www.loc.gov/MARC21/slim">

  <leader>00905cam a2200229 i 4500</leader>
  <controlfield tag="001">sa 65008593 </controlfield>
  <controlfield tag="003">DLC</controlfield>
  <controlfield tag="005">20260227112155.0</controlfield>
  <controlfield tag="008">880316s1962    ii c          00010 tamo </controlfield>
  <datafield tag="010" ind1=" " ind2=" ">
    <subfield code="a">sa 65008593 //r882</subfield>
  </datafield>
  <datafield tag="050" ind1="0" ind2=" ">
    <subfield code="a">PL4758.6.A2</subfield>
    <subfield code="b">N37 1962</subfield>
  </datafield>
  <datafield tag="100" ind1="0" ind2="0">
    <subfield code="a">Nar&#x332;r&#x332;i&#x1E47;ai.</subfield>
  </datafield>
  <datafield tag="245" ind1="1" ind2="0">
    <subfield code="a">E&#x1E6D;&#x1E6D;uttokaiyu&#x1E37; on&#x332;r&#x332;&#x227;kiya Nar&#x332;r&#x332;i&#x1E47;ai n&#x101;n&#x332;&#x16B;ru /</subfield>
    <subfield code="c">Pin&#x332;n&#x332;att&#x16B;r A. N&#x101;r&#x101;ya&#x1E47;ac&#x101;mi Aiyar el&#x332;utiya uraiyum vi&#x1E37;akkamum ; Po.V&#x113;. C&#x14D;macuntaran&#x101;r el&#x332;uti ya ilakka&#x1E47;akkur&#x332;ippum &#x101;yvuraiyum.</subfield>
  </datafield>
  <datafield tag="250" ind1=" " ind2=" ">
    <subfield code="a">[3rd rev. ed.]</subfield>
  </datafield>
  <datafield tag="260" ind1="0" ind2=" ">
    <subfield code="a">Tirunelv&#x113;li :</subfield>
    <subfield code="b">Tirunelv&#x113;lit Ten&#x332;n&#x332;intiya Caivacitt&#x101;nta N&#x16B;r&#x332;patippuk Kal&#x332;akam,</subfield>
    <subfield code="c">1962.</subfield>
  </datafield>
  <datafield tag="300" ind1=" " ind2=" ">
    <subfield code="a">81, 696 p. :</subfield>
    <subfield code="b">port. ;</subfield>
    <subfield code="c">22 cm.</subfield>
  </datafield>
  <datafield tag="490" ind1="0" ind2=" ">
    <subfield code="a">Kal&#x332;aka ve&#x1E37;iy&#x12B;t&#x332;u ;</subfield>
    <subfield code="v">614</subfield>
  </datafield>
  <datafield tag="500" ind1=" " ind2=" ">
    <subfield code="a">In Tamil.</subfield>
  </datafield>
  <datafield tag="650" ind1=" " ind2="0">
    <subfield code="a">Tamil poetry</subfield>
    <subfield code="y">To 1500.</subfield>
  </datafield>
  <datafield tag="600" ind1="2" ind2="0">
    <subfield code="a">Narayanaswami Ayyar, P. A.,</subfield>
    <subfield code="d">1862-1914.</subfield>
  </datafield>
  <datafield tag="600" ind1="1" ind2="0">
    <subfield code="a">Somasundaram, P. V.,</subfield>
    <subfield code="d">1909-</subfield>
  </datafield>
  <datafield tag="999" ind1=" " ind2=" ">
    <subfield code="c">65716</subfield>
    <subfield code="d">65716</subfield>
  </datafield>
</record>
